C2 Auditing and assurance services : study text /

Saved in:
书目详细资料
主要作者: NBAA
格式: 图书
出版: Dar es Salaam : National Board of Accountants and Auditors, c2019.
主题:
标签: 添加标签
没有标签, 成为第一个标记此记录!

MARC

LEADER 00000nam a22000007a 4500
005 20250930115113.0
020 |a 9789976780918  |c TZS 10,000/= 
040 |a MCCL  |b eng.  |e AACR 2nd rev. ed. 
082 |a 657.45 NAT 
100 |a NBAA 
245 |a C2 Auditing and assurance services :   |b study text /  |c NBAA 
260 |a Dar es Salaam :   |b National Board of Accountants and Auditors,   |c c2019.  
300 |a vi, 565p. :  |b ill.;   |c 30 cm. 
546 |a eng. 
650 |a Auditing services  |z   
650 |a Assurance 
700 |a NBAA 
942 |c BK 
999 |c 11402  |d 11402